[Event "Nordic Chess-ch 2019"]
[Site "Sarpsborg"]
[Date "2019.06.24"]
[Round "6.8"]
[White "Dragicevic, Drazen"]
[Black "Hobber, Anders"]
[Result "1-0"]
[WhiteElo "2359"]
[BlackElo "2282"]
[Annotator "TA"]
[PlyCount "135"]
[EventDate "2019.06.21"]
[EventType "swiss"]
[EventCountry "NOR"]
[SourceTitle "playchess.com"]
[Source "ChessBase"]
[SourceQuality "1"]

{[%evp 9,135,15,10,6,6,-8,0,0,0,-14,-9,-41,-40,-48,-9,-16,32,27,34,0,19,0,21,18,29,29,36,45,46,46,40,44,45,43,42,44,59,47,68,66,68,0,110,0,64,62,63,64,61,18,29,30,27,27,38,0,0,0,38,0,0,-4,81,81,81,81,86,79,483,484,477,478,433,473,461,461,459,442,420,411,385,380,478,474,1079,1034,5747,5686,1853,4966,3131,3727,1457,2682,1721,1470,1373,1275,6412,6179,29989,29990,29990,29976,29991,29992,29992,6101,5289,1052,912,904,5597,5618,2057,4338,5626,5618,29961,29953,5622,5531,29988,12762,5177,5189,875,564]} 1. Nf3 d5 2. g3 c6 3. Bg2 Bg4 4. h3 Bh5 5. O-O e6 6. d3 {A07: Réti Opening: New York and Capablanca Systems} Nf6 7. Qe1 Be7 8. e4 {The position is equal.} O-O 9. Nh2 $146 ({Predecessor:} 9. Nbd2 Nbd7 10. Kh1 a5 11. Nh2 Ne8 12. g4 Bg6 {0-1 (51) Sychev,K (2537)-Sargissian,G (2689) St Petersburg 2018}) 9... Bg6 10. e5 Nfd7 11. f4 Qb6+ 12. Kh1 $1 f6 13. exf6 $1 Bxf6 14. Nd2 Qc5 15. c3 Qd6 16. Qe2 Na6 {[%cal Bb8a6,Ba6c5,Bc5d3][%mdl 32]} 17. Ng4 Nac5 18. d4 Nd3 19. Rf3 Nxc1 20. Rxc1 c5 21. Re3 Rae8 22. dxc5 Nxc5 23. Re1 Bf7 24. Nf3 Bg6 25. Nd2 (25. Kh2 $14) 25... Kf7 (25... Bf7 $11) 26. Nf3 Kg8 27. Kh2 Be4 28. Nf2 Bf5 29. Nd4 Bxd4 $1 30. cxd4 Nd7 31. Kg1 Nf6 32. Re5 Nd7 33. Re3 Nf6 34. Re5 Nd7 35. g4 Be4 (35... Nxe5 $11 {keeps the balance.} 36. fxe5 Qb6 37. gxf5 Rxf5) 36. Nxe4 $16 dxe4 37. Rxe4 Rxf4 38. Rxe6 Qxd4+ $2 {[%mdl 8192]} (38... Qxe6 $16 39. Qxe6+ Rxe6 40. Rxe6 Rxd4) 39. Kh1 $18 Rxe6 40. Qxe6+ Kh8 41. Bd5 {[%csl Gd5][%cal Re6g8] [#]} Rf8 42. Qxd7 Qd3 43. g5 Rf1+ 44. Rxf1 Qxf1+ 45. Kh2 {[#] White wants to mate with Qe8+.} Qf4+ 46. Kg2 {Intending Qe8+ and mate.} Qd2+ (46... Qxg5+ $142 47. Kf3 Qh5+ 48. Ke3 Qg5+ 49. Ke2 Qh5+ 50. Bf3 Qe5+ 51. Kd3 h5) 47. Kf3 {[%cal Rd7e8]} Qd1+ 48. Kf4 {[%cal Rd7e8]} Qd2+ 49. Kf5 {[%cal Rd7e8]} Qd3+ 50. Ke5 {[%cal Rd7e8]} Qg3+ 51. Kd4 {[%cal Rd7e8]} Qf2+ 52. Kd3 {White threatens Qe8+ and mate.} Qf1+ 53. Kc3 {Qe8+ would kill now.} Qc1+ 54. Kb3 {[%cal Rd7e8]} Qd1+ 55. Ka3 {[%cal Rd7e8]} Qd3+ 56. Ka4 {[%cal Rd7e8]} Qa6+ 57. Kb4 {[%cal Rd7e8]} Qb6+ 58. Qb5 (58. Kc4 $142 Qa6+ 59. Kc3 Qa5+ 60. b4 Qa3+ 61. Kc2 Qa4+ 62. Qxa4 b5 63. Qxb5 h6 64. Qe8+ Kh7 65. g6#) 58... Qd4+ 59. Ka3 {[%cal Rb5e8]} Qe3+ 60. Bb3 b6 61. Qb4 {[%cal Rb4f8]} Qe8 62. Qd6 Qc8 63. Be6 Qa6+ 64. Kb3 {[%cal Rd6f8]} Qb5+ 65. Kc3 {[%cal Rd6f8]} Qa5+ 66. Kc2 (66. b4 $142 Qa3+ 67. Kd4 Qb2+ 68. Ke3 Qc1+ 69. Kf2 Qc2+ 70. Kg3 Qc3+ 71. Kf4) 66... Qa4+ 67. Kc1 {[%cal Rd6f8]} Qe8 68. Qd7 {Accuracy: White = 58%, Black = 34%.} 1-0

[Event "Nordic Chess-ch 2019"]
[Site "Sarpsborg"]
[Date "2019.06.24"]
[Round "6.9"]
[White "Getz, Nicolai"]
[Black "Blauhut, Holger"]
[Result "1-0"]
[WhiteElo "2380"]
[BlackElo "2041"]
[Annotator "NA"]
[PlyCount "89"]
[EventDate "2019.06.21"]
[EventType "swiss"]
[EventCountry "NOR"]
[SourceTitle "playchess.com"]
[Source "ChessBase"]
[SourceQuality "1"]
[TimeControl "40/5400+30:1800+30"]

1. Nf3 {[%emt 0:00:00]} d5 {[%emt 0:00:00]} 2. g3 {[%emt 0:00:00]} Nf6 {[%emt 0:00:01]} 3. Bg2 {[%emt 0:00:00]} e6 {[%emt 0:00:35]} 4. O-O {[%emt 0:00:00]} Be7 {[%emt 0:00:08]} 5. b3 {[%emt 0:00:34]} O-O {[%emt 0:00:20]} 6. Bb2 {[%emt 0:00:07]} c5 {[%emt 0:03:07]} 7. c4 {[%emt 0:02:34]} Nc6 {[%emt 0:01:47]} 8. cxd5 {[%emt 0:03:20]} exd5 {[%emt 0:00:19]} 9. d4 {[%emt 0:00:20]} b6 {[%emt 0:10:51]} 10. Nc3 {[%emt 0:00:21]} Be6 {[%emt 0:00:54]} 11. Rc1 {[%emt 0:01:06]} Rc8 {[%emt 0:03:37]} 12. dxc5 {[%emt 0:00:19]} bxc5 {[%emt 0:00:07]} 13. Ng5 {[%emt 0:01:57]} d4 {[%emt 0:09:50]} 14. Nxe6 {[%emt 0:00:56]} fxe6 {[%emt 0:03:23]} 15. Na4 {[%emt 0:00:03]} Nb4 {[%emt 0:01:09]} 16. a3 {[%emt 0:00:47]} Nbd5 {[%emt 0:00:27]} 17. Qd3 {[%emt 0:02:07]} Nb6 {[%emt 0:01:32]} 18. Qa6 {[%emt 0:01:41]} Qd7 {[%emt 0:07:47]} 19. Nxb6 {[%emt 0:00:39]} axb6 {[%emt 0:00:12]} 20. b4 {[%emt 0:02:41]} Qd6 {[%emt 0:09:14]} 21. Bh3 {[%emt 0:04:30]} Ra8 {[%emt 0:01:48]} 22. bxc5 {[%emt 0:00:31]} bxc5 {[%emt 0:03:37]} 23. Bxe6+ {[%emt 0:00:11]} Kh8 {[%emt 0:00:07]} 24. Qxd6 {[%emt 0:00:33]} Bxd6 {[%emt 0:00:05]} 25. Rc2 {[%emt 0:00:27]} Rfb8 {[%emt 0:00:46]} 26. Rd1 {[%emt 0:01:50]} Ra6 {[%emt 0:01:13]} 27. Bc4 {[%emt 0:02:17]} Rab6 {[%emt 0:02:50]} 28. Ba1 {[%emt 0:00:31]} Ng4 {[%emt 0:02:59]} 29. a4 {[%emt 0:00:53]} Rf8 {[%emt 0:11:43]} 30. e3 {[%emt 0:08:15]} dxe3 {[%emt 0:01:38]} 31. f4 {[%emt 0:00:04]} Be7 {[%emt 0:02:57]} 32. Be2 {[%emt 0:04:55]} Nf2 {[%emt 0:02:13]} 33. Re1 {[%emt 0:00:15]} Rd8 {[%emt 0:02:30]} 34. Bc3 {[%emt 0:03:30]} Rbd6 {[%emt 0:03:03]} 35. a5 {[%emt 0:01:56]} Ne4 {[%emt 0:01:25]} 36. a6 {[%emt 0:00:36]} Nxc3 {[%emt 0:02:59]} 37. Rxc3 {[%emt 0:00:04]} Bf6 {[%emt 0:00:50]} 38. Ra3 {[%emt 0:00:14]} Ra8 {[%emt 0:01:18]} 39. a7 {[%emt 0:00:42]} Rd7 {[%emt 0:00:24]} 40. Rb1 {[%emt 0:00:06]} c4 {[%emt 0:00:45]} 41. Bf3 {[%emt 0:45:38]} e2 {[%emt 0:38:50]} 42. Kg2 {[%emt 0:00:48]} Rd2 {[%emt 0:00:00]} 43. Rb8+ {[%emt 0:00:00]} Rd8 {[%emt 0:00:00]} 44. Rxd8+ {[%emt 0:00:00]} Bxd8 {[%emt 0:00:00]} 45. Re3 {[%emt 0:00:00]} 1-0

[Event "Nordic Chess-ch 2019"]
[Site "Sarpsborg"]
[Date "2019.06.24"]
[Round "6.10"]
[White "Wahlund, Max"]
[Black "Rydstrom, Tom"]
[Result "0-1"]
[WhiteElo "2103"]
[BlackElo "2370"]
[Annotator "NA"]
[PlyCount "78"]
[EventDate "2019.06.21"]
[EventType "swiss"]
[EventCountry "NOR"]
[SourceTitle "playchess.com"]
[Source "ChessBase"]
[SourceQuality "1"]
[TimeControl "40/5400+30:1800+30"]

1. e4 {[%emt 0:00:00]} c5 {[%emt 0:01:35]} 2. Nf3 {[%emt 0:00:00]} e6 {[%emt 0:01:29]} 3. d3 {[%emt 0:06:40]} Nc6 {[%emt 0:00:13]} 4. g3 {[%emt 0:00:22]} g6 {[%emt 0:00:43]} 5. Bg2 {[%emt 0:00:05]} Bg7 {[%emt 0:00:03]} 6. O-O {[%emt 0:00:06]} Nge7 {[%emt 0:00:31]} 7. Nbd2 {[%emt 0:04:04]} O-O {[%emt 0:00:30]} 8. Re1 {[%emt 0:01:13]} d6 {[%emt 0:00:16]} 9. c3 {[%emt 0:01:20]} b5 {[%emt 0:03:29]} 10. Nf1 {[%emt 0:03:00]} e5 {[%emt 0:07:01]} 11. Bg5 {[%emt 0:02:48]} h6 {[%emt 0:00:27]} 12. Be3 {[%emt 0:00:55]} b4 {[%emt 0:02:15]} 13. d4 {[%emt 0:03:01]} bxc3 {[%emt 0:00:42]} 14. bxc3 {[%emt 0:00:02]} Qa5 {[%emt 0:18:16]} 15. dxc5 {[%emt 0:05:38]} dxc5 {[%emt 0:00:02]} 16. Qc1 {[%emt 0:04:02]} Kh7 {[%emt 0:00:18]} 17. N1d2 {[%emt 0:01:25]} Qc7 {[%emt 0:10:23]} 18. Bxc5 {[%emt 0:00:44]} Rd8 {[%emt 0:00:25]} 19. Qa3 {[%emt 0:01:51]} Be6 {[%emt 0:00:29]} 20. Bf1 {[%emt 0:03:23]} Rd7 {[%emt 0:15:07]} 21. Bb5 {[%emt 0:08:14]} Bf6 {[%emt 0:01:06]} 22. Nc4 {[%emt 0:04:10]} Rad8 {[%emt 0:09:27]} 23. Kg2 {[%emt 0:03:41]} g5 {[%emt 0:05:16]} 24. Qa4 {[%emt 0:06:17]} g4 {[%emt 0:01:12]} 25. Ng1 {[%emt 0:00:28]} Rd3 {[%emt 0:01:25]} 26. Re3 {[%emt 0:04:51]} Bg5 {[%emt 0:00:52]} 27. Rxd3 {[%emt 0:00:58]} Rxd3 {[%emt 0:00:01]} 28. Bxe7 {[%emt 0:02:17]} Nxe7 {[%emt 0:00:46]} 29. Nxe5 {[%emt 0:08:17]} Rxc3 {[%emt 0:01:05]} 30. Nd3 {[%emt 0:00:17]} Rc2 {[%emt 0:02:20]} 31. Re1 {[%emt 0:01:55]} Rxa2 {[%emt 0:01:17]} 32. Qd4 {[%emt 0:01:04]} a6 {[%emt 0:01:20]} 33. Be8 {[%emt 0:01:01]} Qc8 {[%emt 0:00:41]} 34. Ba4 {[%emt 0:00:48]} Qc4 {[%emt 0:00:15]} 35. Qxc4 {[%emt 0:00:29]} Bxc4 {[%emt 0:00:05]} 36. Nc5 {[%emt 0:00:31]} Bd2 {[%emt 0:01:10]} 37. Rb1 {[%emt 0:00:54]} Be3 {[%emt 0:00:40]} 38. Bb3 {[%emt 0:00:45]} Rxf2+ {[%emt 0:00:12]} 39. Kh1 {[%emt 0:00:05]} Bf1 {[%emt 0:00:24]} 0-1

[Event "Nordic Chess-ch 2019"]
[Site "Sarpsborg"]
[Date "2019.06.24"]
[Round "6.11"]
[White "Ernst, Thomas"]
[Black "Rishovd, Svein"]
[Result "0-1"]
[WhiteElo "2342"]
[BlackElo "2113"]
[Annotator "NA"]
[PlyCount "76"]
[EventDate "2019.06.21"]
[EventType "swiss"]
[EventCountry "NOR"]
[SourceTitle "playchess.com"]
[Source "ChessBase"]
[SourceQuality "1"]
[TimeControl "40/5400+30:1800+30"]

1. e4 {[%emt 0:00:00]} c5 {[%emt 0:00:00]} 2. Nf3 {[%emt 0:00:00]} e6 {[%emt 0:00:00]} 3. d4 {[%emt 0:00:03]} cxd4 {[%emt 0:00:04]} 4. Nxd4 {[%emt 0:00:04]} a6 {[%emt 0:00:10]} 5. Bd3 {[%emt 0:00:09]} g6 {[%emt 0:00:10]} 6. O-O {[%emt 0:01:07]} Bg7 {[%emt 0:00:06]} 7. c3 {[%emt 0:00:11]} Ne7 {[%emt 0:02:01]} 8. Nd2 {[%emt 0:01:40]} O-O {[%emt 0:02:25]} 9. N2f3 {[%emt 0:00:39]} d6 {[%emt 0:01:32]} 10. Bg5 {[%emt 0:00:26]} e5 {[%emt 0:07:41]} 11. Nb3 {[%emt 0:01:21]} Be6 {[%emt 0:01:39]} 12. Qd2 {[%emt 0:02:16]} Qc7 {[%emt 0:02:33]} 13. Bh6 {[%emt 0:03:28]} f6 {[%emt 0:02:28]} 14. Be3 {[%emt 0:01:56]} d5 {[%emt 0:02:53]} 15. Nc5 {[%emt 0:02:44]} Bf7 {[%emt 0:00:41]} 16. Qc2 {[%emt 0:03:48]} b6 {[%emt 0:01:11]} 17. Na4 {[%emt 0:00:42]} Nd7 {[%emt 0:00:32]} 18. b4 {[%emt 0:02:19]} f5 {[%emt 0:08:28]} 19. Bg5 {[%emt 0:01:56]} Bf6 {[%emt 0:01:10]} 20. Bxf6 {[%emt 0:00:56]} Nxf6 {[%emt 0:00:06]} 21. Nxe5 {[%emt 0:01:25]} Qxe5 {[%emt 0:01:00]} 22. exf5 {[%emt 0:00:21]} Nxf5 {[%emt 0:07:07]} 23. Nxb6 {[%emt 0:02:39]} Ng4 {[%emt 0:02:04]} 24. g3 {[%emt 0:00:30]} Nfe3 {[%emt 0:09:11]} 25. Qe2 {[%emt 0:00:59]} Nxf1 {[%emt 0:06:15]} 26. Qxg4 {[%emt 0:00:05]} Be6 {[%emt 0:02:54]} 27. Qe2 {[%emt 0:01:06]} Qxe2 {[%emt 0:03:17]} 28. Bxe2 {[%emt 0:00:06]} Rab8 {[%emt 0:00:08]} 29. Na4 {[%emt 0:00:30]} Nd2 {[%emt 0:05:05]} 30. Nc5 {[%emt 0:00:13]} Rb6 {[%emt 0:01:43]} 31. Bxa6 {[%emt 0:03:16]} Bh3 {[%emt 0:05:18]} 32. Rd1 {[%emt 0:03:04]} Nf3+ {[%emt 0:00:55]} 33. Kh1 {[%emt 0:00:07]} d4 {[%emt 0:03:25]} 34. cxd4 {[%emt 0:00:43]} Rxb4 {[%emt 0:00:25]} 35. d5 {[%emt 0:00:35]} Rd8 {[%emt 0:01:04]} 36. Be2 {[%emt 0:02:46]} Nd4 {[%emt 0:04:05]} 37. a3 {[%emt 0:00:38]} Rb2 {[%emt 0:00:40]} 38. Bc4 {[%emt 0:02:53]} Rc2 {[%emt 0:18:34]} 0-1

[Event "Nordic Chess-ch 2019"]
[Site "Sarpsborg"]
[Date "2019.06.24"]
[Round "6.12"]
[White "Altarbosh, Ward"]
[Black "Tunsjo, Axel"]
[Result "1/2-1/2"]
[WhiteElo "2250"]
[BlackElo "2002"]
[Annotator "NA"]
[PlyCount "59"]
[EventDate "2019.06.21"]
[EventType "swiss"]
[EventCountry "NOR"]
[SourceTitle "playchess.com"]
[Source "ChessBase"]
[SourceQuality "1"]
[TimeControl "40/5400+30:1800+30"]

1. e4 {[%emt 0:00:00]} c5 {[%emt 0:00:00]} 2. Nf3 {[%emt 0:00:00]} e6 {[%emt 0:00:00]} 3. d4 {[%emt 0:00:00]} cxd4 {[%emt 0:00:00]} 4. Nxd4 {[%emt 0:00:00]} Nc6 {[%emt 0:00:00]} 5. Nc3 {[%emt 0:00:04]} Qc7 {[%emt 0:00:33]} 6. Be3 {[%emt 0:00:18]} a6 {[%emt 0:00:07]} 7. Qd2 {[%emt 0:00:09]} Nf6 {[%emt 0:00:26]} 8. O-O-O {[%emt 0:00:44]} Be7 {[%emt 0:01:27]} 9. f4 {[%emt 0:00:18]} b5 {[%emt 0:03:47]} 10. e5 {[%emt 0:00:10]} b4 {[%emt 0:00:14]} 11. exf6 {[%emt 0:10:43]} bxc3 {[%emt 0:00:10]} 12. Qxc3 {[%emt 0:00:04]} Bxf6 {[%emt 0:00:12]} 13. Qc4 {[%emt 0:00:11]} Bb7 {[%emt 0:02:22]} 14. Nb3 {[%emt 0:00:38]} O-O {[%emt 0:03:33]} 15. Bc5 {[%emt 0:06:52]} d5 {[%emt 0:01:21]} 16. Qa4 {[%emt 0:00:06]} Rfc8 {[%emt 0:04:12]} 17. Bd3 {[%emt 0:03:39]} Rab8 {[%emt 0:08:01]} 18. g4 {[%emt 0:03:02]} Nd4 {[%emt 0:04:10]} 19. Bxd4 {[%emt 0:02:33]} Bc6 {[%emt 0:00:48]} 20. Qa3 {[%emt 0:00:16]} Qxf4+ {[%emt 0:02:01]} 21. Kb1 {[%emt 0:01:16]} Rxb3 {[%emt 0:21:35]} 22. Qxb3 {[%emt 0:00:56]} Bxd4 {[%emt 0:03:09]} 23. Bxh7+ {[%emt 0:01:03]} Kxh7 {[%emt 0:01:27]} 24. Qd3+ {[%emt 0:00:04]} f5 {[%emt 0:01:56]} 25. Qxd4 {[%emt 0:06:01]} Qxd4 {[%emt 0:00:35]} 26. Rxd4 {[%emt 0:00:04]} e5 {[%emt 0:00:07]} 27. Rdd1 {[%emt 0:00:08]} f4 {[%emt 0:00:24]} 28. c3 {[%emt 0:19:27]} Kg6 {[%emt 0:16:07]} 29. Kc2 {[%emt 0:02:14]} Rf8 {[%emt 0:09:07]} 30. Kd2 {[%emt 0:02:47]} 1/2-1/2

[Event "Nordic Chess-ch 2019"]
[Site "Sarpsborg"]
[Date "2019.06.24"]
[Round "6.13"]
[White "Nilsen, Tobias Lang"]
[Black "Sjoberg, Isak"]
[Result "1/2-1/2"]
[WhiteElo "1986"]
[BlackElo "2222"]
[Annotator "NA"]
[PlyCount "54"]
[EventDate "2019.06.21"]
[EventType "swiss"]
[EventCountry "NOR"]
[SourceTitle "playchess.com"]
[Source "ChessBase"]
[SourceQuality "1"]
[TimeControl "40/5400+30:1800+30"]

1. e4 {[%emt 0:00:00]} e5 {[%emt 0:01:03]} 2. Nf3 {[%emt 0:00:00]} Nc6 {[%emt 0:00:17]} 3. Bb5 {[%emt 0:00:06]} a6 {[%emt 0:01:11]} 4. Ba4 {[%emt 0:00:09]} Nf6 {[%emt 0:00:28]} 5. O-O {[%emt 0:00:13]} Be7 {[%emt 0:00:50]} 6. Re1 {[%emt 0:00:15]} b5 {[%emt 0:00:10]} 7. Bb3 {[%emt 0:00:06]} O-O {[%emt 0:00:08]} 8. c3 {[%emt 0:00:12]} d5 {[%emt 0:00:23]} 9. exd5 {[%emt 0:02:50]} Nxd5 {[%emt 0:00:45]} 10. Nxe5 {[%emt 0:00:09]} Nxe5 {[%emt 0:00:17]} 11. Rxe5 {[%emt 0:00:11]} c6 {[%emt 0:00:03]} 12. d3 {[%emt 0:00:19]} Bd6 {[%emt 0:00:16]} 13. Re1 {[%emt 0:00:09]} Qh4 {[%emt 0:01:33]} 14. g3 {[%emt 0:01:02]} Qh3 {[%emt 0:00:05]} 15. Re4 {[%emt 0:00:10]} Qf5 {[%emt 0:00:21]} 16. Nd2 {[%emt 0:00:26]} Qg6 {[%emt 0:00:04]} 17. Re1 {[%emt 0:01:32]} f5 {[%emt 0:03:56]} 18. a4 {[%emt 0:11:04]} f4 {[%emt 0:12:06]} 19. Ne4 {[%emt 0:02:02]} Bg4 {[%emt 0:04:39]} 20. Qd2 {[%emt 0:05:46]} Rae8 {[%emt 0:16:24]} 21. axb5 {[%emt 0:04:40]} fxg3 {[%emt 0:07:20]} 22. fxg3 {[%emt 0:02:17]} axb5 {[%emt 0:00:47]} 23. Nxd6 {[%emt 0:20:54]} Qxd6 {[%emt 0:01:23]} 24. Rxe8 {[%emt 0:00:30]} Rxe8 {[%emt 0:00:13]} 25. Qf2 {[%emt 0:05:10]} Kh8 {[%emt 0:08:04]} 26. Bxd5 {[%emt 0:02:29]} Qxd5 {[%emt 0:02:27]} 27. Be3 {[%emt 0:00:58]} Kg8 {[%emt 0:08:30]} 1/2-1/2

[Event "Nordic Chess-ch 2019"]
[Site "Sarpsborg"]
[Date "2019.06.24"]
[Round "6.14"]
[White "Haugli, Petter"]
[Black "Kristiansen, Rune Harald"]
[Result "1-0"]
[WhiteElo "2223"]
[BlackElo "1849"]
[Annotator "NA"]
[PlyCount "53"]
[EventDate "2019.06.21"]
[EventType "swiss"]
[EventCountry "NOR"]
[SourceTitle "playchess.com"]
[Source "ChessBase"]
[SourceQuality "1"]
[TimeControl "40/5400+30:1800+30"]

1. c4 {[%emt 0:00:00]} e6 {[%emt 0:00:30]} 2. Nc3 {[%emt 0:00:08]} b6 {[%emt 0:04:17]} 3. e4 {[%emt 0:04:54]} Bb7 {[%emt 0:00:27]} 4. d4 {[%emt 0:00:07]} Bb4 {[%emt 0:04:47]} 5. f3 {[%emt 0:01:35]} Bxc3+ {[%emt 0:00:39]} 6. bxc3 {[%emt 0:00:05]} d6 {[%emt 0:00:35]} 7. Bd3 {[%emt 0:03:02]} Nd7 {[%emt 0:00:23]} 8. Ne2 {[%emt 0:01:18]} Qh4+ {[%emt 0:07:16]} 9. g3 {[%emt 0:03:37]} Qe7 {[%emt 0:01:35]} 10. O-O {[%emt 0:02:05]} h5 {[%emt 0:02:22]} 11. Be3 {[%emt 0:04:43]} e5 {[%emt 0:06:25]} 12. Qd2 {[%emt 0:03:15]} f6 {[%emt 0:00:35]} 13. a4 {[%emt 0:05:43]} a5 {[%emt 0:02:07]} 14. Nc1 {[%emt 0:00:33]} h4 {[%emt 0:07:12]} 15. g4 {[%emt 0:01:36]} g5 {[%emt 0:00:32]} 16. c5 {[%emt 0:01:44]} dxc5 {[%emt 0:08:58]} 17. Nb3 {[%emt 0:00:24]} Qf7 {[%emt 0:04:24]} 18. Qe2 {[%emt 0:28:26]} Qxb3 {[%emt 0:11:13]} 19. Bc4 {[%emt 0:00:09]} Ba6 {[%emt 0:03:55]} 20. Bxa6 {[%emt 0:00:08]} Rxa6 {[%emt 0:06:54]} 21. Qxa6 {[%emt 0:16:17]} Qxc3 {[%emt 0:00:20]} 22. Rfe1 {[%emt 0:07:14]} exd4 {[%emt 0:02:08]} 23. Qc8+ {[%emt 0:03:35]} Ke7 {[%emt 0:00:38]} 24. Qxc7 {[%emt 0:01:34]} h3 {[%emt 0:13:17]} 25. e5 {[%emt 0:01:01]} Qc2 {[%emt 0:08:47]} 26. Bf2 {[%emt 0:02:41]} fxe5 {[%emt 0:02:02]} 27. Rxe5+ {[%emt 0:00:44]} 1-0

[Event "Nordic Chess-ch 2019"]
[Site "Sarpsborg"]
[Date "2019.06.24"]
[Round "6.15"]
[White "Abdrlauf, Elham"]
[Black "Unneland, Mathias"]
[Result "1-0"]
[WhiteElo "2207"]
[BlackElo "1980"]
[Annotator "NA"]
[PlyCount "71"]
[EventDate "2019.06.21"]
[EventType "swiss"]
[EventCountry "NOR"]
[SourceTitle "playchess.com"]
[Source "ChessBase"]
[SourceQuality "1"]
[TimeControl "40/5400+30:1800+30"]

1. d4 {[%emt 0:15:26]} Nf6 {[%emt 0:00:00]} 2. c4 {[%emt 0:00:10]} g6 {[%emt 0:00:00]} 3. f3 {[%emt 0:00:05]} Bg7 {[%emt 0:00:38]} 4. e4 {[%emt 0:00:13]} d6 {[%emt 0:00:06]} 5. Be3 {[%emt 0:00:28]} O-O {[%emt 0:00:13]} 6. Nc3 {[%emt 0:00:07]} Nbd7 {[%emt 0:01:02]} 7. Qd2 {[%emt 0:00:58]} c5 {[%emt 0:00:47]} 8. Nge2 {[%emt 0:00:17]} a6 {[%emt 0:00:52]} 9. d5 {[%emt 0:01:33]} Rb8 {[%emt 0:03:24]} 10. Ng3 {[%emt 0:03:30]} h5 {[%emt 0:04:06]} 11. Be2 {[%emt 0:01:12]} Re8 {[%emt 0:05:48]} 12. O-O {[%emt 0:00:10]} e6 {[%emt 0:07:42]} 13. a4 {[%emt 0:06:32]} exd5 {[%emt 0:04:26]} 14. cxd5 {[%emt 0:00:15]} Qc7 {[%emt 0:03:56]} 15. Rac1 {[%emt 0:10:59]} Qa5 {[%emt 0:03:33]} 16. Ra1 {[%emt 0:06:24]} Kh7 {[%emt 0:02:30]} 17. h3 {[%emt 0:02:26]} Qc7 {[%emt 0:04:17]} 18. Nh1 {[%emt 0:08:12]} c4 {[%emt 0:10:22]} 19. Nf2 {[%emt 0:00:21]} b5 {[%emt 0:10:53]} 20. axb5 {[%emt 0:00:12]} axb5 {[%emt 0:00:07]} 21. Ra7 {[%emt 0:00:16]} Qd8 {[%emt 0:00:36]} 22. g4 {[%emt 0:03:46]} Re7 {[%emt 0:02:21]} 23. g5 {[%emt 0:05:14]} Ne8 {[%emt 0:02:49]} 24. f4 {[%emt 0:00:35]} Nc7 {[%emt 0:03:36]} 25. e5 {[%emt 0:06:45]} Nxe5 {[%emt 0:05:02]} 26. fxe5 {[%emt 0:00:08]} Bxe5 {[%emt 0:00:11]} 27. Nce4 {[%emt 0:13:43]} Bb7 {[%emt 0:01:04]} 28. Bf3 {[%emt 0:02:26]} b4 {[%emt 0:02:56]} 29. Nf6+ {[%emt 0:03:36]} Kg7 {[%emt 0:00:49]} 30. Bd4 {[%emt 0:00:53]} Nb5 {[%emt 0:00:37]} 31. Bxe5 {[%emt 0:00:13]} Rxe5 {[%emt 0:00:13]} 32. Raa1 {[%emt 0:02:47]} c3 {[%emt 0:00:14]} 33. bxc3 {[%emt 0:00:05]} bxc3 {[%emt 0:00:05]} 34. Qf4 {[%emt 0:00:50]} Rf5 {[%emt 0:00:07]} 35. Qe3 {[%emt 0:00:04]} Rc8 {[%emt 0:04:07]} 36. Be4 {[%emt 0:01:17]} 1-0

[Event "Nordic Chess-ch 2019"]
[Site "Sarpsborg"]
[Date "2019.06.24"]
[Round "6.16"]
[White "Dingertz, Erik"]
[Black "Ptacnikova, Lenka"]
[Result "1/2-1/2"]
[WhiteElo "1969"]
[BlackElo "2145"]
[Annotator "NA"]
[PlyCount "75"]
[EventDate "2019.06.21"]
[EventType "swiss"]
[EventCountry "NOR"]
[SourceTitle "playchess.com"]
[Source "ChessBase"]
[SourceQuality "1"]
[TimeControl "40/5400+30:1800+30"]

1. c4 {[%emt 0:00:00]} e5 {[%emt 0:00:00]} 2. g3 {[%emt 0:00:00]} Nc6 {[%emt 0:00:02]} 3. Bg2 {[%emt 0:00:00]} f5 {[%emt 0:00:19]} 4. Nc3 {[%emt 0:00:07]} Nf6 {[%emt 0:00:17]} 5. d3 {[%emt 0:01:11]} Bb4 {[%emt 0:00:16]} 6. Bd2 {[%emt 0:00:58]} O-O {[%emt 0:00:25]} 7. Nd5 {[%emt 0:01:24]} Bxd2+ {[%emt 0:03:53]} 8. Qxd2 {[%emt 0:00:10]} a5 {[%emt 0:01:46]} 9. Nf3 {[%emt 0:03:30]} d6 {[%emt 0:04:01]} 10. O-O {[%emt 0:00:55]} h6 {[%emt 0:03:20]} 11. Ne1 {[%emt 0:01:33]} Ne7 {[%emt 0:08:31]} 12. Nc2 {[%emt 0:13:06]} Nfxd5 {[%emt 0:19:48]} 13. cxd5 {[%emt 0:00:20]} f4 {[%emt 0:01:10]} 14. d4 {[%emt 0:15:43]} Bg4 {[%emt 0:14:30]} 15. dxe5 {[%emt 0:16:39]} dxe5 {[%emt 0:00:09]} 16. f3 {[%emt 0:01:07]} Be6 {[%emt 0:10:50]} 17. e4 {[%emt 0:01:29]} fxe3 {[%emt 0:07:17]} 18. Qxe3 {[%emt 0:00:08]} Bf5 {[%emt 0:00:55]} 19. Rac1 {[%emt 0:01:39]} Qxd5 {[%emt 0:11:59]} 20. f4 {[%emt 0:00:16]} Qb5 {[%emt 0:03:22]} 21. Qxe5 {[%emt 0:04:28]} Qxe5 {[%emt 0:00:35]} 22. fxe5 {[%emt 0:00:08]} c6 {[%emt 0:01:26]} 23. Nd4 {[%emt 0:00:16]} Bg4 {[%emt 0:01:18]} 24. h3 {[%emt 0:04:18]} Rxf1+ {[%emt 0:01:06]} 25. Rxf1 {[%emt 0:01:51]} Bh5 {[%emt 0:00:08]} 26. g4 {[%emt 0:00:51]} Bf7 {[%emt 0:01:24]} 27. b3 {[%emt 0:15:10]} Bd5 {[%emt 0:00:59]} 28. Nf5 {[%emt 0:00:34]} Nxf5 {[%emt 0:02:25]} 29. Bxd5+ {[%emt 0:00:06]} cxd5 {[%emt 0:00:06]} 30. gxf5 {[%emt 0:00:04]} Re8 {[%emt 0:02:06]} 31. e6 {[%emt 0:05:30]} g6 {[%emt 0:00:25]} 32. Rd1 {[%emt 0:04:09]} gxf5 {[%emt 0:00:23]} 33. Rxd5 {[%emt 0:00:11]} a4 {[%emt 0:00:43]} 34. Rxf5 {[%emt 0:01:17]} axb3 {[%emt 0:00:27]} 35. axb3 {[%emt 0:00:15]} Rxe6 {[%emt 0:00:01]} 36. Rb5 {[%emt 0:00:13]} b6 {[%emt 0:00:14]} 37. Kf2 {[%emt 0:00:11]} Kg7 {[%emt 0:00:36]} 38. Kf3 {[%emt 0:00:09]} 1/2-1/2